000 00640nam a2200193 i 4500
001 111992
003 ES-MaACL
005 20250730025319.0
007 t|
008 061121s1919 sp r ||||1| spa d
100 1 _aNavarro Blasco, Angel.
_985103
245 1 0 _aSobre representación de los signos de la tuberculosis pulmonar /
_cAngel Navarro Blasco.
260 _aValencia :
_b[s.n.],
_c1919.
300 _a3 p., [1] h. de lám. ;
_c26 cm.
500 _aSeparata de: Revista de Higiene y de tuberculosis, nº 128, enero de 1919.
650 0 7 _aTuberculosis
_2embne
_917658
852 _aES-MaACL
_j1570-F-10
999 _c111992
_d111992